[Event "2. Bundesliga Ost 2014/2015"]
[Site "1020 Wien, Haus des Schachsports, Marathonweg 14"]
[Date "2014.11.15"]
[Round "3"]
[Board "4"]
[White "Blatny, Pavel"]
[Black "Schneider-Zinner, Harald"]
[Result "1/2-1/2"]
[WhiteElo "2414"]
[BlackElo "2336"]
[PlyCount "60"]
[EventDate "2014.10.18"]
[EventType "team"]
[EventRounds "11"]
[EventCountry "AUT"]
[WhiteTeam "Zwettl"]
[BlackTeam "SG Hietzing/Ottakring"]

1. d4 d5 2. Nf3 Nf6 3. Bf4 c5 4. c3 Nc6 5. Nbd2 cxd4 6. Nxd4 Nxd4 7. cxd4 e6 8.
e3 Bd6 9. Bb5+ Bd7 10. Bxd6 Bxb5 11. Ba3 Rc8 12. Rc1 Kd7 13. Rc5 Qa5 14. Qb3
Rxc5 15. dxc5 Ne4 16. Bb4 Nxd2 17. Kxd2 Qa6 18. Qc3 f6 19. a3 Bf1 20. Kc1 Rc8
21. g4 Qe2 22. Qc2 b6 23. Qa4+ Qb5 24. Qxa7+ Rc7 25. Qa8 bxc5 26. Ba5 Qc4+ 27.
Kd2 Qd3+ 28. Kc1 Qc4+ 29. Kd2 Qd3+ 30. Kc1 Qc4+ 1/2-1/2

[Event "2. Bundesliga Ost 2014/2015"]
[Site "1020 Wien, Haus des Schachsports, Marathonweg 14"]
[Date "2014.11.15"]
[Round "3"]
[Board "5"]
[White "Steiner, Adam"]
[Black "Vyskocil, Neklan"]
[Result "1/2-1/2"]
[WhiteElo "2247"]
[BlackElo "2422"]
[PlyCount "72"]
[EventDate "2014.10.18"]
[EventType "team"]
[EventRounds "11"]
[EventCountry "AUT"]
[WhiteTeam "SG Hietzing/Ottakring"]
[BlackTeam "Zwettl"]

1. e4 Nf6 2. e5 Nd5 3. d4 d6 4. c4 Nb6 5. f4 dxe5 6. fxe5 Nc6 7. Be3 Bf5 8. Nc3
e6 9. Nf3 Bg4 10. Be2 Bxf3 11. gxf3 Qh4+ 12. Bf2 Qf4 13. c5 Nd5 14. Nxd5 exd5
15. Qd2 Qf5 16. O-O Be7 17. Be3 O-O 18. f4 f6 19. Rf3 Nd8 20. Bd3 Qh5 21. Qg2
f5 22. Kh1 c6 23. Rg1 Ne6 24. Rh3 Qf7 25. Rh6 g6 26. Qh3 Qg7 27. Bxf5 Nxf4 28.
Bxf4 Rxf5 29. Qxf5 gxf5 30. Rh5 Qxg1+ 31. Kxg1 Kg7 32. Kf2 Kg6 33. Rh6+ Kg7 34.
Rh5 Kg6 35. Rh6+ Kg7 36. Rh5 Kg6 1/2-1/2

[Event "2. Bundesliga Ost 2014/2015"]
[Site "1020 Wien, Haus des Schachsports, Marathonweg 14"]
[Date "2014.11.15"]
[Round "3"]
[Board "6"]
[White "Zwettler, Martin"]
[Black "Plank, Franz"]
[Result "1-0"]
[WhiteElo "2249"]
[BlackElo "2259"]
[PlyCount "141"]
[EventDate "2014.10.18"]
[EventType "team"]
[EventRounds "11"]
[EventCountry "AUT"]
[WhiteTeam "Zwettl"]
[BlackTeam "SG Hietzing/Ottakring"]

1. c4 e6 2. Nf3 d5 3. g3 dxc4 4. Qa4+ Nd7 5. Qxc4 c5 6. Bg2 Ngf6 7. O-O b6 8.
b3 Bb7 9. Bb2 Bd6 10. d3 O-O 11. Nbd2 Qc7 12. Rac1 Rac8 13. Qc2 Ne5 14. Qb1
Nxf3+ 15. Nxf3 Qe7 16. Qa1 Rfd8 17. Rc2 Ne8 18. Rfc1 f6 19. a3 e5 20. Nd2 Bxg2
21. Kxg2 Qb7+ 22. Kg1 Nc7 23. Bc3 Nd5 24. Qb2 a5 25. Nc4 Bf8 26. Bd2 Ra8 27.
Ne3 Nxe3 28. Bxe3 Rd7 29. Qc3 Qd5 30. Qc4 Rb8 31. Qb5 Rbb7 32. Rb1 e4 33. Rd2
exd3 34. Rxd3 Qe6 35. Rbd1 Rxd3 36. Rxd3 Rb8 37. Kg2 Rc8 38. Qc4 Re8 39. f3 f5
40. Kf2 g6 41. Rd7 b5 42. Qxe6+ Rxe6 43. Rc7 Re5 44. Bf4 Re6 45. Bd2 a4 46.
bxa4 bxa4 47. Ra7 Rb6 48. Rxa4 Rb3 49. Be3 Rc3 50. Ra8 Kf7 51. a4 Bg7 52. Ra7+
Kg8 53. a5 Bd4 54. Bxd4 cxd4 55. a6 Ra3 56. h4 h5 57. Ke1 Ra2 58. Kd1 Kh8 59.
Kc1 Kg8 60. Kb1 Ra5 61. Kc2 Ra3 62. Kb2 Ra5 63. Kb3 Kf8 64. Kc4 Ke8 65. Kxd4
Kd8 66. Ke3 Ra4 67. Ra8+ Kc7 68. a7 Kb7 69. Rg8 Kxa7 70. Rxg6 Kb7 71. Rg5 1-0

[Event "2. Bundesliga Ost 2014/2015"]
[Site "1020 Wien, Haus des Schachsports, Marathonweg 14"]
[Date "2014.11.15"]
[Round "3"]
[Board "1"]
[White "Chytilek, Roman"]
[Black "Sadilek, Peter"]
[Result "1-0"]
[WhiteElo "2362"]
[BlackElo "2283"]
[PlyCount "133"]
[EventDate "2014.10.18"]
[EventType "team"]
[EventRounds "11"]
[EventCountry "AUT"]
[WhiteTeam "SV Stockerau"]
[BlackTeam "tschaturanga"]

1. d4 Nf6 2. Bg5 d5 3. e3 Ne4 4. Bf4 c5 5. Bd3 Nf6 6. Nc3 c4 7. Be2 Nc6 8. Bf3
g6 9. Nge2 Bg7 10. b3 cxb3 11. axb3 O-O 12. Bg5 Nb4 13. Na2 Nxa2 14. Rxa2 Bg4
15. Bxf6 Bxf3 16. Bxg7 Bxe2 17. Qxe2 Kxg7 18. Qb5 a6 19. Qb4 Qd7 20. O-O Rac8
21. c4 e6 22. h3 Rc7 23. c5 Rfc8 24. Qa4 Qe7 25. b4 e5 26. dxe5 Qxe5 27. Rd2
Rd8 28. Rfd1 Qc3 29. Rd3 Qc4 30. Qa1+ f6 31. Rd4 Qb5 32. e4 a5 33. Qxa5 Qxa5
34. bxa5 Rxc5 35. Rb1 Rd7 36. Rxd5 Rcxd5 37. exd5 Rxd5 38. Rxb7+ Kh6 39. a6
Rd1+ 40. Kh2 Ra1 41. a7 g5 42. g4 Kg6 43. Kg2 f5 44. gxf5+ Kxf5 45. Rxh7 Kf4
46. Re7 Ra2 47. Kf1 Ra1+ 48. Ke2 Ra2+ 49. Kd3 Kf3 50. Rf7+ Kg2 51. Kc4 Kxh3 52.
Kc5 Kg2 53. Kb6 g4 54. Kb7 Rxf2 55. Rxf2+ Kxf2 56. a8=Q g3 57. Qf8+ Kg1 58.
Qc5+ Kh2 59. Qe5 Kh1 60. Qe1+ Kh2 61. Kc6 g2 62. Qh4+ Kg1 63. Kd5 Kf1 64. Qf4+
Kg1 65. Ke4 Kh1 66. Qh4+ Kg1 67. Ke3 1-0

[Event "2. Bundesliga Ost 2014/2015"]
[Site "1020 Wien, Haus des Schachsports, Marathonweg 14"]
[Date "2014.11.15"]
[Round "3"]
[Board "2"]
[White "Wukits, Rene"]
[Black "Groetz, Harald"]
[Result "1/2-1/2"]
[WhiteElo "2348"]
[BlackElo "2309"]
[PlyCount "103"]
[EventDate "2014.10.18"]
[EventType "team"]
[EventRounds "11"]
[EventCountry "AUT"]
[WhiteTeam "tschaturanga"]
[BlackTeam "SV Stockerau"]

1. d4 Nf6 2. c4 g6 3. Nc3 Bg7 4. e4 d6 5. Be2 O-O 6. Nf3 e5 7. d5 a5 8. h3 Na6
9. Bg5 h6 10. Be3 Bd7 11. Nd2 Ne8 12. O-O f5 13. exf5 gxf5 14. f4 Qe7 15. Nf3
b6 16. Qd2 Kh7 17. Rae1 Nc5 18. Bd1 e4 19. Nd4 Nf6 20. g3 Rae8 21. Re2 h5 22.
Rg2 Bh6 23. Kh1 Rg8 24. Rfg1 Rg7 25. Ncb5 Qd8 26. b3 Reg8 27. a3 Na6 28. b4
axb4 29. axb4 Qe8 30. Qc3 Rg6 31. Be2 Bg7 32. Qa3 Qc8 33. Na7 Qb7 34. Nac6 Bf8
35. Nd8 Qc8 36. Nf7 Bh6 37. c5 Nxb4 38. Qxb4 bxc5 39. Qc4 cxd4 40. Bxd4 R8g7
41. Ng5+ Kg8 42. h4 Be8 43. Ra1 Re7 44. Bxf6 Rxf6 45. Bf1 Bxg5 46. hxg5 Rff7
47. Rga2 Qb7 48. Ra8 Qb2 49. R1a2 Qb1 50. Ra1 Qb2 51. R1a2 Qb1 52. Ra1 1/2-1/2

[Event "2. Bundesliga Ost 2014/2015"]
[Site "1020 Wien, Haus des Schachsports, Marathonweg 14"]
[Date "2014.11.15"]
[Round "3"]
[Board "3"]
[White "Schmid, Thomas"]
[Black "Kreindl, Helmut"]
[Result "1/2-1/2"]
[WhiteElo "2193"]
[BlackElo "2219"]
[PlyCount "101"]
[EventDate "2014.10.18"]
[EventType "team"]
[EventRounds "11"]
[EventCountry "AUT"]
[WhiteTeam "SV Stockerau"]
[BlackTeam "tschaturanga"]

1. e4 d5 2. exd5 Qxd5 3. Nc3 Qd6 4. d4 Nf6 5. Nf3 c6 6. h3 Bf5 7. Ne5 Nbd7 8.
Nc4 Qc7 9. Qf3 e6 10. Bf4 Qd8 11. O-O-O Nb6 12. g4 Bg6 13. Ne5 Bb4 14. Nxg6
hxg6 15. Bg2 Bxc3 16. Qxc3 Nfd5 17. Qg3 Nxf4 18. Qxf4 Qf6 19. Qd6 Qxf2 20. Rhg1
Rd8 21. Qb4 Qf4+ 22. Kb1 Qd6 23. Qb3 O-O 24. c4 Qe7 25. Rge1 Rd7 26. d5 Rfd8
27. dxc6 Rxd1+ 28. Rxd1 Rxd1+ 29. Qxd1 bxc6 30. Bxc6 Nxc4 31. Qd4 Nb6 32. a4
Qc7 33. a5 Nc8 34. b4 Kh7 35. Qd7 Qb8 36. Qb7 Qxb7 37. Bxb7 Nd6 38. Bc6 Kg8 39.
b5 Kf8 40. b6 axb6 41. axb6 Ke7 42. b7 Nxb7 43. Bxb7 Kf6 44. Kc2 Kg5 45. Kd3 f5
46. Bc8 fxg4 47. hxg4 Kxg4 48. Ke4 Kg3 49. Bxe6 Kf2 50. Bf7 Ke1 51. Bxg6
 1/2-1/2

[Event "2. Bundesliga Ost 2014/2015"]
[Site "1020 Wien, Haus des Schachsports, Marathonweg 14"]
[Date "2014.11.15"]
[Round "3"]
[Board "4"]
[White "Sadilek, Maximilian"]
[Black "Schirmbeck, Hannes"]
[Result "1/2-1/2"]
[WhiteElo "2211"]
[BlackElo "2141"]
[PlyCount "51"]
[EventDate "2014.10.18"]
[EventType "team"]
[EventRounds "11"]
[EventCountry "AUT"]
[WhiteTeam "tschaturanga"]
[BlackTeam "SV Stockerau"]

1. e4 e5 2. Nc3 Nf6 3. Nf3 Nc6 4. Be2 d5 5. exd5 Nxd5 6. d3 Be7 7. O-O Nxc3 8.
bxc3 O-O 9. Rb1 b6 10. c4 Bf5 11. Rb5 Bd6 12. Re1 a6 13. Rb1 e4 14. Ng5 exd3
15. Bxd3 Qd7 16. Bb2 Rfe8 17. Qf3 Bg6 18. Bxg6 hxg6 19. Rbd1 Rxe1+ 20. Rxe1 Re8
21. Rxe8+ Qxe8 22. g4 Qe7 23. Nxf7 Qxf7 24. Qxc6 Qf4 25. Qd5+ Kh7 26. Qd4
 1/2-1/2

[Event "2. Bundesliga Ost 2014/2015"]
[Site "1020 Wien, Haus des Schachsports, Marathonweg 14"]
[Date "2014.11.15"]
[Round "3"]
[Board "5"]
[White "Gajic, Zoran"]
[Black "Leitner, Gerald"]
[Result "1/2-1/2"]
[WhiteElo "2106"]
[BlackElo "2210"]
[PlyCount "93"]
[EventDate "2014.10.18"]
[EventType "team"]
[EventRounds "11"]
[EventCountry "AUT"]
[WhiteTeam "SV Stockerau"]
[BlackTeam "tschaturanga"]

1. e4 d6 2. d4 Nf6 3. Nc3 g6 4. f3 c6 5. a4 Nbd7 6. Be3 Qa5 7. Bc4 Bg7 8. Nge2
O-O 9. Ba2 c5 10. Qd2 cxd4 11. Nxd4 Ne5 12. O-O Bd7 13. b4 Qc7 14. Ncb5 Qb8 15.
a5 Rc8 16. Na3 b5 17. axb6 axb6 18. Bb3 Ba4 19. Ba2 Be8 20. Ndb5 Qb7 21. Bb3
Ra6 22. Qe2 Rca8 23. Bd4 Nc6 24. Bc3 Nh5 25. Bxg7 Nxg7 26. Bd5 Ne6 27. Qe3 Ra4
28. Qb3 Nf4 29. Nc3 R4a7 30. b5 Nxd5 31. bxc6 Qxc6 32. Nxd5 Qc5+ 33. Kh1 Rxa3
34. Rxa3 Rxa3 35. Qxb6 Qxb6 36. Nxb6 Bb5 37. Rb1 Ba6 38. Nd5 e6 39. Nf6+ Kf8
40. Nxh7+ Ke7 41. Ng5 Rc3 42. Rb2 f6 43. Nh3 e5 44. Ng1 Bc4 45. h3 f5 46. exf5
gxf5 47. Kh2 1/2-1/2

[Event "2. Bundesliga Ost 2014/2015"]
[Site "1020 Wien, Haus des Schachsports, Marathonweg 14"]
[Date "2014.11.15"]
[Round "3"]
[Board "6"]
[White "Lenz, Alarich"]
[Black "Stanivukovic, Drago"]
[Result "1/2-1/2"]
[WhiteElo "2180"]
[BlackElo "1951"]
[PlyCount "89"]
[EventDate "2014.10.18"]
[EventType "team"]
[EventRounds "11"]
[EventCountry "AUT"]
[WhiteTeam "tschaturanga"]
[BlackTeam "SV Stockerau"]

1. c4 e5 2. Nc3 Nf6 3. Nf3 d6 4. d4 exd4 5. Nxd4 Be7 6. e4 O-O 7. Be2 c5 8. Nc2
Nc6 9. O-O h6 10. Bf4 Ne8 11. Ne3 Nd4 12. Bd3 Bg5 13. Bxg5 Qxg5 14. f4 Qh4 15.
Qd2 Nc7 16. Rae1 Nce6 17. Ncd5 Bd7 18. f5 Ng5 19. Qd1 Nh7 20. Rf4 Qd8 21. Qh5
Qg5 22. Qh3 h5 23. Kh1 Kh8 24. g3 g6 25. Qf1 gxf5 26. exf5 Bc6 27. Be4 Rae8 28.
Qd3 Re5 29. Ng2 Rfe8 30. h4 Qh6 31. Re3 Nf6 32. Nxf6 Qxf6 33. Bxc6 bxc6 34. Kh2
Rxe3 35. Nxe3 Qe5 36. Qd1 Kg8 37. Qxh5 Qxe3 38. Qg5+ Kf8 39. f6 Re5 40. Qg7+
Ke8 41. Qg8+ Kd7 42. Qxf7+ Kc8 43. Qxa7 Rf5 44. Qa8+ Kc7 45. Qa7+ 1/2-1/2

[Event "2. Bundesliga Ost 2014/2015"]
[Site "1020 Wien, Haus des Schachsports, Marathonweg 14"]
[Date "2014.11.16"]
[Round "4"]
[Board "1"]
[White "Videki, Sandor"]
[Black "Sadilek, Peter"]
[Result "0-1"]
[WhiteElo "2380"]
[BlackElo "2283"]
[PlyCount "74"]
[EventDate "2014.10.18"]
[EventType "team"]
[EventRounds "11"]
[EventCountry "AUT"]
[WhiteTeam "SC Data Technology Pressbaum/E."]
[BlackTeam "tschaturanga"]

1. d4 Nf6 2. Nf3 e6 3. g3 d5 4. Bg2 Be7 5. c4 O-O 6. Qc2 c6 7. O-O Nbd7 8. Nbd2
b6 9. e4 Ba6 10. Rd1 c5 11. exd5 exd5 12. b3 Rc8 13. Bb2 Re8 14. a4 Qc7 15.
Rac1 Bb7 16. Re1 dxc4 17. Nxc4 cxd4 18. Bxd4 Bb4 19. Rxe8+ Rxe8 20. Qb2 Qd8 21.
Ne3 Qa8 22. Nh4 Bxg2 23. Nhxg2 Rc8 24. Nf5 Bf8 25. Nge3 Rxc1+ 26. Qxc1 g6 27.
Qc3 Nd5 28. Nxd5 Qxd5 29. Ne3 Qe4 30. h3 h5 31. Qc4 Bc5 32. Bc3 Qf3 33. Qd5
Qxd5 34. Nxd5 Kf8 35. Kf1 Ke8 36. Ke2 Nf8 37. b4 Bd6 0-1

[Event "2. Bundesliga Ost 2014/2015"]
[Site "1020 Wien, Haus des Schachsports, Marathonweg 14"]
[Date "2014.11.16"]
[Round "4"]
[Board "2"]
[White "Wukits, Rene"]
[Black "Rumpl, Erwin"]
[Result "0-1"]
[WhiteElo "2348"]
[BlackElo "2314"]
[PlyCount "68"]
[EventDate "2014.10.18"]
[EventType "team"]
[EventRounds "11"]
[EventCountry "AUT"]
[WhiteTeam "tschaturanga"]
[BlackTeam "SC Data Technology Pressbaum/E."]

1. Nf3 Nf6 2. c4 g6 3. Nc3 Bg7 4. e4 O-O 5. d4 c5 6. d5 d6 7. h3 Na6 8. Bd3 Nc7
9. O-O a6 10. a4 Rb8 11. Re1 Nd7 12. Bf4 Ne5 13. Nxe5 Bxe5 14. Bh6 Re8 15. Rb1
Bd7 16. f4 Bd4+ 17. Kh1 b5 18. cxb5 axb5 19. Ne2 Bh8 20. axb5 Bxb5 21. b4 Bxd3
22. Qxd3 Rxb4 23. Rxb4 cxb4 24. Rb1 e6 25. Bg5 f6 26. Bh4 exd5 27. exd5 Qe7 28.
Ng1 Qe4 29. Qb3 Rb8 30. Rd1 f5 31. Nf3 Bc3 32. Be1 Bxe1 33. Nxe1 Ra8 34. Nf3
Ra3 0-1

[Event "2. Bundesliga Ost 2014/2015"]
[Site "1020 Wien, Haus des Schachsports, Marathonweg 14"]
[Date "2014.11.16"]
[Round "4"]
[Board "3"]
[White "Neumeier, Klaus"]
[Black "Sadilek, Maximilian"]
[Result "1-0"]
[WhiteElo "2268"]
[BlackElo "2211"]
[PlyCount "61"]
[EventDate "2014.10.18"]
[EventType "team"]
[EventRounds "11"]
[EventCountry "AUT"]
[WhiteTeam "SC Data Technology Pressbaum/E."]
[BlackTeam "tschaturanga"]

1. c4 Nc6 2. Nc3 e5 3. g3 d6 4. Bg2 f5 5. e3 Nf6 6. Nge2 Be7 7. O-O O-O 8. b3
Qe8 9. Bb2 Qh5 10. Nd5 Bd8 11. Nec3 Qh6 12. Nxf6+ Rxf6 13. Nd5 Rf7 14. d3 Ne7
15. f4 c6 16. Nxe7+ Bxe7 17. Qd2 Bf6 18. Rad1 Bd7 19. d4 exf4 20. exf4 Re8 21.
Rde1 Rfe7 22. Rxe7 Rxe7 23. Ba3 Be8 24. Bxd6 Re6 25. c5 Bh5 26. Rf2 g5 27. d5
Re8 28. dxc6 bxc6 29. Bxc6 Rd8 30. Bd5+ Kh8 31. fxg5 1-0

[Event "2. Bundesliga Ost 2014/2015"]
[Site "1020 Wien, Haus des Schachsports, Marathonweg 14"]
[Date "2014.11.16"]
[Round "4"]
[Board "4"]
[White "Leitner, Gerald"]
[Black "Weissenbeck, Manuel"]
[Result "1/2-1/2"]
[WhiteElo "2210"]
[BlackElo "2213"]
[PlyCount "84"]
[EventDate "2014.10.18"]
[EventType "team"]
[EventRounds "11"]
[EventCountry "AUT"]
[WhiteTeam "tschaturanga"]
[BlackTeam "SC Data Technology Pressbaum/E."]

1. d4 Nf6 2. c4 e6 3. Nc3 Bb4 4. e3 O-O 5. Nge2 Ne4 6. Qc2 f5 7. a3 Bxc3+ 8.
Nxc3 d5 9. b4 c6 10. Bd3 Nd7 11. O-O Ndf6 12. f3 Nxc3 13. Qxc3 Bd7 14. a4 dxc4
15. Bxc4 b5 16. axb5 cxb5 17. Bd3 Nd5 18. Qb2 Qb6 19. Bd2 e5 20. e4 fxe4 21.
fxe4 Nf6 22. Bc3 Ng4 23. Rxf8+ Rxf8 24. Be2 Qh6 25. Bxg4 Qe3+ 26. Kh1 Bxg4 27.
dxe5 Qxe4 28. Bd4 Be6 29. Bxa7 h5 30. Qd4 Rf4 31. Qxe4 Rxe4 32. Bc5 Rxe5 33.
Kg1 Bd5 34. Rd1 Kf7 35. Rd2 Ke6 36. Kf2 Rf5+ 37. Ke3 h4 38. g3 hxg3 39. hxg3
Rf3+ 40. Kd4 Bc4 41. Rg2 g5 42. Rg1 Rd3+ 1/2-1/2

[Event "2. Bundesliga Ost 2014/2015"]
[Site "1020 Wien, Haus des Schachsports, Marathonweg 14"]
[Date "2014.11.16"]
[Round "4"]
[Board "5"]
[White "Hechl, Gerald"]
[Black "Lenz, Alarich"]
[Result "1/2-1/2"]
[WhiteElo "2180"]
[BlackElo "2180"]
[PlyCount "115"]
[EventDate "2014.10.18"]
[EventType "team"]
[EventRounds "11"]
[EventCountry "AUT"]
[WhiteTeam "SC Data Technology Pressbaum/E."]
[BlackTeam "tschaturanga"]

1. e4 c5 2. a3 g6 3. Bc4 Bg7 4. Nc3 e6 5. Nge2 Nc6 6. d3 Nge7 7. Bg5 O-O 8. Qd2
Nd4 9. O-O Nxe2+ 10. Qxe2 f6 11. Bh4 d5 12. exd5 Nxd5 13. f4 Kh8 14. Qf3 Nxc3
15. bxc3 Rb8 16. Rfe1 Re8 17. f5 gxf5 18. Bg3 e5 19. Bf7 Rf8 20. Qh5 f4 21. Bg6
h6 22. Bf2 b6 23. d4 cxd4 24. cxd4 Be6 25. dxe5 fxe5 26. Rxe5 Bg4 27. Qxg4 Bxe5
28. Rd1 Qg5 29. Qxg5 hxg5 30. Rd5 Bf6 31. h4 Rbd8 32. c4 Rxd5 33. cxd5 gxh4 34.
Kh2 Kg7 35. Bh5 Kh6 36. Bg4 Kg5 37. Kh3 Be5 38. Bxh4+ Kg6 39. Be2 Bf6 40. Bd3+
Kf7 41. Be1 Rg8 42. Bf5 Ke7 43. Bb4+ Kd8 44. Bd6 Rg5 45. Be6 Rg3+ 46. Kh2 Bg5
47. a4 Rd3 48. Bb8 f3 49. gxf3 Rxf3 50. Kg2 Rd3 51. d6 Bf4 52. Bc7+ Ke8 53. d7+
Ke7 54. d8=Q+ Rxd8 55. Bxd8+ Kxe6 56. Kf3 Bd6 57. Ke4 Kd7 58. Kd5 1/2-1/2

[Event "2. Bundesliga Ost 2014/2015"]
[Site "1020 Wien, Haus des Schachsports, Marathonweg 14"]
[Date "2014.11.16"]
[Round "4"]
[Board "6"]
[White "Dueckstein, Andreas"]
[Black "Schmidrathner, Christian"]
[Result "1/2-1/2"]
[WhiteElo "2174"]
[BlackElo "2075"]
[PlyCount "64"]
[EventDate "2014.10.18"]
[EventType "team"]
[EventRounds "11"]
[EventCountry "AUT"]
[WhiteTeam "tschaturanga"]
[BlackTeam "SC Data Technology Pressbaum/E."]

1. d4 Nf6 2. g3 g6 3. Bg2 Bg7 4. c3 d5 5. Nd2 O-O 6. Ngf3 Nbd7 7. O-O c6 8. Re1
e5 9. Nxe5 Nxe5 10. dxe5 Ng4 11. Nf3 Nxe5 12. Nxe5 Bxe5 13. Bh6 Bg7 14. Bxg7
Kxg7 15. e4 dxe4 16. Bxe4 Qxd1 17. Raxd1 Be6 18. b3 Rad8 19. Kg2 Rfe8 20. Bf3
Rxd1 21. Rxd1 Re7 22. Rd2 c5 23. Be2 b6 24. f3 Rd7 25. Rxd7 Bxd7 26. Kf2 Kf6
27. Ke3 h6 28. f4 Ke7 29. a3 f6 30. b4 cxb4 31. cxb4 Bc6 32. Kd4 Kd6 1/2-1/2

[Event "2. Bundesliga Ost 2014/2015"]
[Site "1020 Wien, Haus des Schachsports, Marathonweg 14"]
[Date "2014.11.16"]
[Round "4"]
[Board "1"]
[White "Bernasek, Jan"]
[Black "Chytilek, Roman"]
[Result "1-0"]
[WhiteElo "2533"]
[BlackElo "2362"]
[PlyCount "51"]
[EventDate "2014.10.18"]
[EventType "team"]
[EventRounds "11"]
[EventCountry "AUT"]
[WhiteTeam "Zwettl"]
[BlackTeam "SV Stockerau"]

1. d4 Nf6 2. Nf3 c5 3. d5 b5 4. Bg5 Qb6 5. c3 Bb7 6. Bxf6 Qxf6 7. e4 b4 8. Qb3
a5 9. Nbd2 g5 10. e5 Qh6 11. g4 Bg7 12. Ne4 Na6 13. c4 O-O 14. h4 e6 15. hxg5
Qxh1 16. Ng3 a4 17. Qe3 Qxf3 18. Qxf3 Bxe5 19. O-O-O b3 20. a3 Nb4 21. Nh5 f5
22. gxf6 d6 23. Qe3 Kh8 24. Qh6 Rf7 25. f4 Bd4 26. Rxd4 1-0

[Event "2. Bundesliga Ost 2014/2015"]
[Site "1020 Wien, Haus des Schachsports, Marathonweg 14"]
[Date "2014.11.16"]
[Round "4"]
[Board "2"]
[White "Groetz, Harald"]
[Black "Polak, Thomas"]
[Result "0-1"]
[WhiteElo "2309"]
[BlackElo "2513"]
[PlyCount "78"]
[EventDate "2014.10.18"]
[EventType "team"]
[EventRounds "11"]
[EventCountry "AUT"]
[WhiteTeam "SV Stockerau"]
[BlackTeam "Zwettl"]

1. Nf3 Nf6 2. g3 d5 3. Bg2 c6 4. O-O Bg4 5. Ne5 Bh5 6. d4 Nbd7 7. c4 e6 8. Nc3
Be7 9. Qb3 Qb6 10. e4 dxc4 11. Nxc4 Qxb3 12. axb3 b5 13. Na5 b4 14. Na4 Be2 15.
Re1 Bb5 16. Nb7 e5 17. dxe5 Nxe5 18. Nb6 Rb8 19. Rxa7 Nd3 20. Bf4 Rxb7 21. Rxb7
Nxe1 22. Rb8+ Bd8 23. Bc7 Ke7 24. e5 Bxc7 25. exf6+ Kxf6 26. Nd7+ Ke7 27. Rxh8
Kxd7 28. Rxh7 Be5 29. Be4 Bxb2 30. g4 Nd3 31. Kg2 Bd4 32. f3 Nc5 33. Bc2 Bd3
34. Bxd3 Nxd3 35. h4 Nc5 36. h5 Ke7 37. g5 Nxb3 38. h6 g6 39. Rg7 Kf8 0-1

[Event "2. Bundesliga Ost 2014/2015"]
[Site "1020 Wien, Haus des Schachsports, Marathonweg 14"]
[Date "2014.11.16"]
[Round "4"]
[Board "3"]
[White "Blatny, Pavel"]
[Black "Schmid, Thomas"]
[Result "1-0"]
[WhiteElo "2414"]
[BlackElo "2193"]
[PlyCount "39"]
[EventDate "2014.10.18"]
[EventType "team"]
[EventRounds "11"]
[EventCountry "AUT"]
[WhiteTeam "Zwettl"]
[BlackTeam "SV Stockerau"]

1. d4 Nf6 2. Nf3 g6 3. Nc3 d5 4. Bf4 Bg7 5. e3 O-O 6. Be2 c5 7. dxc5 Qa5 8. Nd2
Qxc5 9. Nb3 Qb6 10. Bf3 Rd8 11. a4 a5 12. Be5 e6 13. Bd4 Qc7 14. Nb5 Qc6 15. c4
Qxc4 16. Nd2 Qc6 17. Rc1 Qd7 18. Nc7 Ra6 19. Nxa6 Nxa6 20. Bb6 1-0

[Event "2. Bundesliga Ost 2014/2015"]
[Site "1020 Wien, Haus des Schachsports, Marathonweg 14"]
[Date "2014.11.16"]
[Round "4"]
[Board "4"]
[White "Pernerstorfer, Johannes"]
[Black "Vyskocil, Neklan"]
[Result "0-1"]
[WhiteElo "2101"]
[BlackElo "2422"]
[PlyCount "64"]
[EventDate "2014.10.18"]
[EventType "team"]
[EventRounds "11"]
[EventCountry "AUT"]
[WhiteTeam "SV Stockerau"]
[BlackTeam "Zwettl"]

1. c4 Nf6 2. Nc3 e5 3. g3 c6 4. Bg2 Bb4 5. e4 d6 6. Nge2 Be6 7. d3 O-O 8. O-O
Qd7 9. a3 Ba5 10. b4 Bb6 11. Na4 Bc7 12. Rb1 a6 13. Be3 b5 14. cxb5 axb5 15.
Nb6 Bxb6 16. Bxb6 Rxa3 17. Ra1 Rxa1 18. Qxa1 Qb7 19. Qa7 Qxa7 20. Bxa7 Na6 21.
Rb1 Ra8 22. Be3 Nb8 23. d4 Bc4 24. dxe5 dxe5 25. Nc3 Ra3 26. Rd1 Nbd7 27. Bh3
Nf8 28. Nb1 Ra1 29. f4 Be2 30. Rd8 Rxb1+ 31. Kf2 Bg4 32. Bc5 Nxe4+ 0-1

[Event "2. Bundesliga Ost 2014/2015"]
[Site "1020 Wien, Haus des Schachsports, Marathonweg 14"]
[Date "2014.11.16"]
[Round "4"]
[Board "5"]
[White "Lipp, Alfred"]
[Black "Gajic, Zoran"]
[Result "1/2-1/2"]
[WhiteElo "2118"]
[BlackElo "2106"]
[PlyCount "104"]
[EventDate "2014.10.18"]
[EventType "team"]
[EventRounds "11"]
[EventCountry "AUT"]
[WhiteTeam "Zwettl"]
[BlackTeam "SV Stockerau"]

1. d4 Nf6 2. Nf3 d5 3. c4 e6 4. Nc3 Nbd7 5. Bg5 Be7 6. e3 h6 7. Bh4 O-O 8. cxd5
Nxd5 9. Bxe7 Nxe7 10. Bd3 c6 11. O-O b6 12. Qe2 Bb7 13. Rfd1 Rc8 14. Rd2 Qc7
15. Rad1 Rfd8 16. Ne4 Nd5 17. a3 Qb8 18. Bb1 a5 19. Qd3 Nf8 20. Ng3 Nf6 21. Ne5
Qa8 22. Qb3 Nd5 23. e4 a4 24. Qf3 Nf6 25. Nh5 N8h7 26. Qf4 Rf8 27. Nxf6+ Nxf6
28. Ng4 Nxg4 29. Qxg4 Qa5 30. h4 Ba6 31. e5 Qd5 32. Be4 Qd8 33. Rc2 Bb5 34. Rc3
f5 35. exf6 Rxf6 36. d5 h5 37. Qxh5 Rh6 38. Qg5 Rxh4 39. Qg6 Rh6 40. Qg4 Qh4
41. Qxh4 Rxh4 42. Bf3 exd5 43. Bxd5+ Kh8 44. Be6 Re8 45. Bf5 Rh6 46. Re3 Rf8
47. g4 Bc4 48. Kg2 Bd5+ 49. Kg3 g6 50. Bc2 g5 51. Bxa4 Kg7 52. Bc2 Rfh8 1/2-1/2

[Event "2. Bundesliga Ost 2014/2015"]
[Site "1020 Wien, Haus des Schachsports, Marathonweg 14"]
[Date "2014.11.16"]
[Round "4"]
[Board "6"]
[White "Stanivukovic, Drago"]
[Black "Allram, Sebastian"]
[Result "1/2-1/2"]
[WhiteElo "1951"]
[BlackElo "2004"]
[PlyCount "137"]
[EventDate "2014.10.18"]
[EventType "team"]
[EventRounds "11"]
[EventCountry "AUT"]
[WhiteTeam "SV Stockerau"]
[BlackTeam "Zwettl"]

1. d4 Nf6 2. Bg5 c6 3. e3 Qa5+ 4. c3 Qxg5 5. b4 d5 6. g3 Bg4 7. Qb3 h5 8. h3
Bd7 9. Nf3 Qf5 10. Nh4 Qe6 11. Bd3 g5 12. Nf3 Bh6 13. Nbd2 Qd6 14. Ne5 Be6 15.
f4 Ne4 16. Bxe4 dxe4 17. c4 f5 18. Qc3 Nd7 19. Rc1 Nxe5 20. fxe5 Qc7 21. Nb3
Bg7 22. Nc5 Bc8 23. a4 b6 24. Nb3 a6 25. Qd2 h4 26. Qg2 e6 27. Rg1 Qe7 28. c5
b5 29. Na5 bxa4 30. gxh4 g4 31. hxg4 Qxh4+ 32. Kd2 Qh2 33. gxf5 exf5 34. Kc3
Qxg2 35. Rxg2 Kf7 36. Rcg1 Bf8 37. Rg6 Rh6 38. Rxc6 Rxc6 39. Nxc6 Be6 40. Ra1
Bb3 41. Na5 Bh6 42. Rf1 Ke6 43. Rg1 Bd5 44. Rg6+ Ke7 45. Rxh6 a3 46. Rd6 a2 47.
Kb2 f4 48. Rxd5 fxe3 49. Nc6+ Ke8 50. e6 e2 51. Kxa2 Rc8 52. Rh5 Rxc6 53. Rh1
Rxe6 54. Re1 Kd7 55. Kb3 e3 56. Rxe2 Kc6 57. Kc4 Re4 58. Kd3 Kd5 59. Rxe3 Rxd4+
60. Kc3 a5 61. bxa5 Kxc5 62. Re5+ Rd5 63. Rxd5+ Kxd5 64. Kb4 Kc6 65. Kc4 Kb7
66. Kb5 Ka8 67. Kb6 Kb8 68. a6 Ka8 69. a7 1/2-1/2